Największe Państwa Europy - Statystyki

Ogólne statystyki
  • Ten quiz został rozwiązany 123 razy
  • Średni wynik to 14 z 15
Statystyki odpowiedzi
Powierzchnia Państwo % Poprawnych
504 645km2 Hiszpania
99%
17 075 400km2 Rosja
99%
543 940km2 Francja
98%
312 679km2 Polska
98%
357 114km2 Niemcy
97%
324 220km2 Norwegia
96%
338 145km2 Finlandia
95%
449 964km2 Szwecja
95%
603 700km2 Ukraina
95%
301 340km2 Włochy
93%
244 820km2 Wielka Brytania
91%
207 600km2 Białoruś
90%
238 391km2 Rumunia
85%
131 940km2 Grecja
79%
110 910km2 Bułgaria
74%
Nie znaleziono quizów pasujących do podanych kryteriów
Rozkład punktacji
Procent ludzi z każdym wynikiem
Percentyl według liczby udzielonych odpowiedzi
Twoja historia wyników
Nie rozwiązałeś tego quizu